书目信息 |
| 题名: |
2000中国出版者名录
|
|
| 作者: | ;新闻出版署图书出版管理司 编 | |
| 分册: | ||
| 出版信息: | 北京 中国人民解放军出版社 2000 |
|
| 页数: | 583页 | |
| 开本: | 19cm | |
| 丛书名: | ||
| 单 册: | ||
| 中图分类: | G239.22 | |
| 科图分类: | ||
| 主题词: | 出版社--中国--名录 | |
| 电子资源: | ||
| ISBN: | 7-5065-3850-4 | |
| 000 | 00630nam0 2200193 45 | |
| 001 | 0305100830 | |
| 005 | 20031219104110.0 | |
| 010 | @a7-5065-3850-4@dCNY28.00 | |
| 100 | @a20030510d2000 km y0chiy0120 ea | |
| 101 | 0 | @achi |
| 105 | @a b 000yy | |
| 200 | 1 | @a2000中国出版者名录@A2000 Zhong Guo Chu Ban Zhe Ming Lu@f新闻出版署图书出版管理司编@FXin Wen Chu Ban Shu Tu Shu Chu Ban Guan Li Si Bian |
| 210 | @a北京@c中国人民解放军出版社@d2000 | |
| 215 | @a583页@d19cm | |
| 606 | 0 | @a出版社@y中国@x名录 |
| 690 | @aG239.22@v4 | |
| 711 | 02 | @a新闻出版署图书出版管理司@4编 |
| 801 | @aCN@bTSTC@c20030510 | |
| 905 | @b323272@dG239.22@e30@f1 | |
| 2000中国出版者名录/新闻出版署图书出版管理司编.-北京:中国人民解放军出版社,2000 |
| 583页;19cm |
| ISBN 7-5065-3850-4:CNY28.00 |
| ● |
| 相关链接 |
|
|
|
|
正题名:2000中国出版者名录
索取号:G239.22/30
 
预约/预借
| 序号 | 登录号 | 条形码 | 馆藏地/架位号 | 状态 | 备注 |
| 1 | 0323272 | 203232723 | 第一样本阅览室/ [索取号:G239.22/30] | 在馆 |